Manual of Lipid Disorders. (Record no. 8128)

MARC details
000 -LEADER
fixed length control field 00552nam a22002057a 4500
003 - CONTROL NUMBER IDENTIFIER
control field OSt
005 - DATE AND TIME OF LATEST TRANSACTION
control field 20230403103919.0
008 - FIXED-LENGTH DATA ELEMENTS--GENERAL INFORMATION
fixed length control field 230403b ||||| |||| 00| 0 eng d
020 ## - INTERNATIONAL STANDARD BOOK NUMBER
International Standard Book Number 0683306766
040 ## - CATALOGING SOURCE
Transcribing agency DDC
082 ## - DEWEY DECIMAL CLASSIFICATION NUMBER
Classification number WG 300G!& 1999.
100 ## - MAIN ENTRY--PERSONAL NAME
Personal name Gotto,M.Antonia;Pownall,J.Henry;
9 (RLIN) 16595
245 ## - TITLE STATEMENT
Title Manual of Lipid Disorders.
250 ## - EDITION STATEMENT
Edition statement 2nd ed
260 ## - PUBLICATION, DISTRIBUTION, ETC. (IMPRINT)
Place of publication, distribution, etc. Philadelphia,
Name of publisher, distributor, etc. William& Wilkins;
Date of publication, distribution, etc. 1999.
300 ## - PHYSICAL DESCRIPTION
Extent xii,402p;
Other physical details ill,
Dimensions 17cm.
504 ## - BIBLIOGRAPHY, ETC. NOTE
Bibliography, etc includes index and references.
650 ## - SUBJECT ADDED ENTRY--TOPICAL TERM
Topical term or geographic name as entry element Medicine.
9 (RLIN) 324
942 ## - ADDED ENTRY ELEMENTS (KOHA)
Source of classification or shelving scheme Other/Generic Classification Scheme
Koha item type Open Shelf
Holdings
Withdrawn status Lost status Source of classification or shelving scheme Damaged status Not for loan Home library Current library Date acquired Inventory number Total Checkouts Full call number Barcode Date last seen Price effective from Koha item type
    Other/Generic Classification Scheme     MUST Main Library MUST Main Library 03/04/2023 03/18556   WG 300G!& 1999. 2023-0436 03/04/2023 03/04/2023 Open Shelf